Ala sayang ! (Record no. 8755)

MARC details
000 -LEADER
fixed length control field 00764nam a2200241 i 4500
001 - CONTROL NUMBER
control field C2-0071354
003 - CONTROL NUMBER IDENTIFIER
control field PPAK
005 - DATE AND TIME OF LATEST TRANSACTION
control field 20190630222154.0
008 - FIXED-LENGTH DATA ELEMENTS--GENERAL INFORMATION
fixed length control field 970429s1983 my a|||| ||||| | may d
020 ## - INTERNATIONAL STANDARD BOOK NUMBER
International Standard Book Number 9971711893
040 ## - CATALOGING SOURCE
Original cataloging agency PPAK
Language of cataloging eng
Transcribing agency PPAK
Description conventions rda
082 04 - DEWEY DECIMAL CLASSIFICATION NUMBER
Classification number 305.895105957
Edition number 23
090 00 - LOCALLY ASSIGNED LC-TYPE CALL NUMBER (OCLC); LOCAL CALL NUMBER (RLIN)
Classification number (OCLC) (R) ; Classification number, CALL (RLIN) (NR) 305.895105957
Feature heading CHI
Feature heading G
100 1# - MAIN ENTRY--PERSONAL NAME
Personal name Chia, Felix,
Relator term author
245 10 - TITLE STATEMENT
Title Ala sayang !
264 #1 - PRODUCTION, PUBLICATION, DISTRIBUTION, MANUFACTURE, AND COPYRIGHT NOTICE
Place of production, publication, distribution, manufacture Petaling Jaya, Selangor :
Name of producer, publisher, distributor, manufacturer Eastern Universities Press ,
Date of production, publication, distribution, manufacture, or copyright notice 1983
300 ## - PHYSICAL DESCRIPTION
Extent 139 pages :
Other physical details illustrations ;
Dimensions 22 cm
336 ## - CONTENT TYPE
Source rdacontent
Content type term text
337 ## - MEDIA TYPE
Source rdamedia
Media type term unmediated
338 ## - CARRIER TYPE
Source rdacarrier
Carrier type term volume
650 10 - SUBJECT ADDED ENTRY--TOPICAL TERM
Topical term or geographic name entry element Straits Chinese - Singapore - Social life and customs ; Straits Chinese - Malaysia - Social life and customs
942 ## - ADDED ENTRY ELEMENTS (KOHA)
-- dc
Koha item type Book
Holdings
Withdrawn Not for loan Current library Shelving location Date acquired Full call number Barcode Date last seen Koha item type Total Checkouts Checked out Date last checked out
    Perpustakaan Alor Setar Pinjaman Dewasa 22/07/1997 305.895105957 CHI A00037319 08/05/2018 Book      
    Perpustakaan Kulim Pinjaman Dewasa 06/11/2003 305.895105957 CHI A00323298 12/04/2026 Book 1 04/05/2026 12/04/2026